Регионална библиотека "Любен Каравелов" - Русе

Блясък (Запис номер 89472)

MARC детайли
000 -Лидер
Контролно поле с фиксирана дължина 01244nam a2200337 c 4500
003 - Код на организацията, давaща контролен номер
Контролно поле BLK
005 - Дата и час на последна редакция
Контролно поле 20250530092715.0
008 - Елементи от данни с фиксирана дължина
fixed length control field 180408b bul|||||r ||||||| ||bul||
010 ## - Наследен системен номер
LC control number KNG00094172000
020 ## - Международен стандартен номер на книга ISBN
Международен стандартен номер на книга ISBN 978-954-26-0833-2
-- издат.: Хермес
040 ## - Източник на каталожния запис
Идентификатор на билиотеката - собственик на записа BLK
041 ## - Код за език
Код за езика на текст/звукозапис или на отделно заглавие Български
Код за езика КДБФ Български
080 ## - УДК
Текстов определител УДК Английска литература
УДК код - определител по УДК 821.111
УДК определител -31
УДК - код + определител 821.111-31
100 1# - Редна дума - Автор
Автор Бегшоу, Луиз
Авторска отговорност първи автор
R(LIN) 37364
139 ## - Редно поле
Редна дума Бегшоу, Луиз
Авторски знак Бе - Б 31
245 10 - Сведения за заглавието
Заглавие Блясък
Подзаглавни данни Роман
Редно поле (дума) Луиз Бегшоу; прев. от англ. Илвана Иванова Гарабедян.
257 ## - Страна на издаване
Страна на създаване/издаване Великобритания
260 ## - Област на издателските данни
-- Пловдив
Име на издателя, разпространителя и проч. Хермес
Година на издаване 2010
Печатница Хасково : Полиграфюг
300 ## - Физическа характеристика
Страници 479 с.
Размери/Мащаб 20 см
380 ## - Жанр
Жанр Худож. лит.
500 ## - Общи забележки
Забележка Ориг. загл. Glamour / Louise Bagshawe. - Офс. изд.
653 ## - Ключова дума – ненормативна
Ключова дума чиклит
653 ## - Ключова дума – ненормативна
Ключова дума романи
700 1# - Други автори (авторска отговорност)
Лично име Гарабедян, Илвана Иванова
Автороска отговорност (Описва отношението между автора и произведението) прев. от англ.
9 (RLIN) 365668
852 ## - Местоположение
Форматна сигнатура Цб 247060
856 4# - Електронен адрес и достъп
Електронен формат pdf - файл
Път до файла /url/
856 4# - Електронен адрес и достъп
Електронен формат pdf - файл
Път до файла /url/
942 ## - АРТИКУЛИ
Вид на библиотечния материал Книги
Скрит в OPAC Не
Koha issues (borrowed), all copies 92
944 ## - СЪЗДАВАНЕ И РЕДАКЦИЯ на ЗАПИСА
Създаване/Редакция Създаване
Дата на регистрацията/редакция 09.02.2010
Статус, дата на статуса Диана Гривева
Служител, извършил регистрацията/редакцията 30529
944 ## - СЪЗДАВАНЕ И РЕДАКЦИЯ на ЗАПИСА
Създаване/Редакция Редакция
Дата на регистрацията/редакция 19.01.2011
Статус, дата на статуса ф /
Служител, извършил регистрацията/редакцията
999 ## - СИСТЕМНИ КОНТРОЛНИ НОМЕРА
Koha biblionumber 89472
Koha biblioitemnumber 89472
Наличности
Код за отписване Код за изгубен артикул Източник на класификационната схема Код за повреда Коз за рестрикции Код за отдаване Артикулен № Име на библиотеката - собственик Име на библиотеката, в която се намира в момента Статус (Текущо местоположение) Дата на вписване в системата Местоположение - отдел Цена в лева Инвентарен номер Систематично азбучна сигнатура Баркод Номер на екземпляра Цена в евро Служебна бележка Служебен тип на артикула
Изтеглен Не е изгубен Universal Decimal Classification Не е повреден без рестрикции заемане за дома 144909 Регионална библиотека "Любен Каравелов" Русе Регионална библиотека "Любен Каравелов" Русе Заемна - подръчен фонд 2010-02-09 Заемна - подръчен фонд 14.95 120000742008 П 820-31/Б 31 120000742008 1 7.64 Дост: Pk Вид: Ф N: 364 Дата: 09.02.2010 Книги
  Не е изгубен Universal Decimal Classification Не е повреден без рестрикции заемане за дома 144910 Регионална библиотека "Любен Каравелов" Русе Регионална библиотека "Любен Каравелов" Русе Заемна - подръчен фонд 2010-02-09 Заемна - подръчен фонд 14.95 120000742009 П 821-31/Б 31 120000742009 2 7.64 Дост: Pk Вид: Ф N: 364 Дата: 09.02.2010 Книги
  Не е изгубен Universal Decimal Classification Не е повреден без рестрикции заемане за дома 144911 Регионална библиотека "Любен Каравелов" Русе Регионална библиотека "Любен Каравелов" Русе Заемна - подръчен фонд 2010-05-18 Заемна - подръчен фонд 14.95 120000744385 П 821-31/Б 31 120000744385 3 7.64 Дост: Pk Вид: Ф N: 27777 Дата: 18.05.2010 Дата инв: 19.02.2018 Бележки инв: П2018 Книги
  Не е изгубен   Не е повреден без рестрикции ползва се в читалня 144912 Регионална библиотека "Любен Каравелов" Русе Регионална библиотека "Любен Каравелов" Русе Хранилище 2011-01-19 Хранилище 14.95 120000748565 Цб 247060 120000748565 4 7.64 Дост: Dp Вид: Д N: 18 Дата: 21.04.2010 Книги
Vip Innovations Ltd, Rousse, Bulgaria 2025